| 000 | 01116nam a22002417a 4500 | ||
|---|---|---|---|
| 003 | OSt | ||
| 005 | 20250913131936.0 | ||
| 008 | 240213b ||||| |||| 00| 0 eng d | ||
| 040 | _c0 | ||
| 082 | _aDPer 621.381 In821 April 2022 v. 37 n. 4 | ||
| 100 |
_aTafti, Hossein Dehgani. _eauthor. _952235 |
||
| 245 |
_aControl of distributed photovoltaic inverters for frequency support and system recovery / _cHossein Dehgani Tafti, Georgios Konstantinou, John E. Fletcher, Leonardo Callegaro, Glen G. Farivar, and Josep Pou. |
||
| 260 |
_aNew York ; _bThe Institute of Electrical and Electronics Engineers, Inc. , _cApril 2022. |
||
| 300 |
_aVolume 37, pages 4742-4750 : _billustration ; _c28 cm. |
||
| 500 | _aIEEE Transaction on Power Electronics, vol. 37, no. 4, pages 4742-4750, April 2022. | ||
| 700 |
_aTafti, Hossein Dehgani. _eauthor. _952235 |
||
| 700 |
_aKonstantinou, Georgios. _eauthor. _952236 |
||
| 700 |
_aFletcher, John E. _eauthor. _952237 |
||
| 700 |
_aCallegaro, Leonardo. _eauthor. _952238 |
||
| 700 |
_aFarivar, Glen G. _eauthor. _952239 |
||
| 700 |
_aPou, Josep. _eauthor. _952240 |
||
| 942 |
_2ddc _cPER |
||
| 999 |
_c19116 _d19116 |
||